Conditions in occupational therapy : (رقم التسجيلة. 27927)

تفاصيل مارك
000 -الفاتح
حقل البيانات ثابتة الطول 01809cam a22003374a 4500
001 - رقم الضبط
رقم الضبط 68705597
003 - محدد رقم الضبط
رقم الضبط OCoLC
005 - وقت وتاريخ اخر تعامل مع التسجيلة
رقم الضبط 20150408114118.0
008 - عناصر البيانات ثابتة الطول - معلومات عامة
حقل البيانات ثابتة الطول 060503s2007 paua b 001 0 eng
010 ## - رقم ضبط مكتبة الكونجرس
رقم ضبط مكتبة الكونجرس 2006014892
020 ## - الرقم الدولى المعيارى للكتب
الرقم الدولى المعيارى للكتاب 0781754879 (alk. paper)
024 3# - معرف معيارى اخر
الرقم او الرمز المعيارى 9780781754873
035 ## - رقم ضبط النظام
رقم ضبط النظام .b62401518
040 ## - مصدر الفهرسة
وكالة الفهرسة الأصلية Ma-Un
042 ## - رمز التحقق
رمز التحقق pcc
049 ## - المجموعات المحلية (OCLC)
مكتبة المقتنيات OS2A
050 00 - رقم طلب مكتبة الكونجرس
رقم التصنيف RM735
رقم المادة .C66 2007
060 10 - رقم الطلب بالمكتبة الطبية الوطنية
رقم التصنيف WB 555
رقم المادة C745 2007
082 00 - رقم تصنيف ديوى العشرى
رقم التصنيف 615.8515
رقم الطبعة 22
245 00 - بيان العنوان
العنوان Conditions in occupational therapy :
بقية العنوان effect on occupational performance /
بيان المسئوليه,etc editors, Ben J. Atchison, Diane K. Dirette.
250 ## - بيان الطبعة
بيان الطبعة 3rd ed.
260 ## - PUBLICATION, DISTRIBUTION, ETC. (IMPRINT)
مكان الناشر او الموزع Philadelphia :
اسم الناشر او الموزع Lippincott Williams & Wilkins,
تاريخ النشر أو التوزيع c2007.
300 ## - الوصف المادى
التعداد xii, 385 p. :
تفاصيل ماديه اخرى للوعاء ill. ;
أبعاد الوعاء 26 cm.
504 ## - تبصرة ببليوجرافية
تبصرة ببليوجرافية,الخ Includes bibliographical references and index.
505 0# - تبصرة محتويات-الفهرس
تبصرة المحتويات المصاغة Thinking like an OT / Ruth Hansen, Diane K. Dirette, Ben J. Atchison -- Cerebral palsy / Mary Steichen Yamamoto -- Autism spectrum disorders / Kathryn Shangraw -- Mental retardation / Ben J. Atchison -- Schizophrenia / Yvonne Russell Teske -- Mood disorders / Thomas Zelnick and Valerie Howells -- Anxiety disorders / Christine K. Urish -- Dementia / Joyce Fraker -- Cerebrovascular accident / Paula W. Jamison and David P. Orchanian -- Cardiopulmonary disorders / Jacqueline Eckert -- Diabetes / Joanne Phillips Estes -- Traumatic brain injury / Gerry E. Conti -- Burns / Elizabeth L. Phillips -- Progressive neurological disorders / Diane K. Dirette -- Rheumatoid arthritis / David P. Orchanian -- Spinal cord injury / Laura V. Miller -- Orthopaedics / Heather (Gallew) Javaherian.
650 #0 - المدخل الاضافى بالموضوع-مصطلح موضوعى
مصطلح موضوعي أو اسم جغرافي كعنصر مدخل Occupational therapy.
9 (RLIN) 21387
650 #0 - المدخل الاضافى بالموضوع-مصطلح موضوعى
مصطلح موضوعي أو اسم جغرافي كعنصر مدخل Occupational therapy
التقسيم الفرعي الشكلي Case studies.
9 (RLIN) 21388
700 1# - المدخل الاضافى - اسم شخصى
الإسم الشخصى Atchison, Ben.
9 (RLIN) 21389
700 1# - المدخل الاضافى - اسم شخصى
الإسم الشخصى Dirette, Diane K.
9 (RLIN) 21390
942 ## - عناصر المدخل الإضافي( كوها)
مصدر التصنيف او مخطط الترفيف Dewey Decimal Classification
Koha [default] item type كتاب
المقتنيات
حالة الفقد نموذج السعر الفعال حالة تلف ليس للاعارة رقم الطلب تاريخ الاكتساب الموقع الحالي الباركود الفرع الرئيسي Date last seen نوع المادة فى نظام كوها مصدر التصنيف او خطة الترفيف Total Checkouts رقم النسخة
  2013-03-10     615.8515 COO 2013-02-11 المكتبة المركزية بالمجمعة (CL) 00450295 المكتبة المركزية بالمجمعة (CL) 2013-03-10 كتاب Dewey Decimal Classification    
  2013-03-10     615.8515 COO 2013-02-11 المكتبة المركزية بالمجمعة (CL) 00450294 المكتبة المركزية بالمجمعة (CL) 2013-03-10 كتاب Dewey Decimal Classification   n2
  2013-03-10     615.8515 COO 2013-02-11 المكتبة المركزية بالمجمعة (CL) 00450293 المكتبة المركزية بالمجمعة (CL) 2013-03-10 كتاب Dewey Decimal Classification   n3